000
00346nam a2200133 a 4500
005
20140414131914.0
008
100915s19uu xx 00 eng d
050
_a
FIC
_b
M27 2002
100
_a
245
_a
The wild whale watch.
260
_a
New York :
_b
Scholastic ,
_c
2002.
440
_a
The magic school bus chapter book
999
_c
111390
_d
111390